00272nam a22000977a 4500082001500000100001600015245002700031942000700058952009200065999001700157 a181.07 HAQ aHaqq, Abdul aIqbal Ke Ibtidai Afkar cBK 00104070aHMIbHMIcGENd2018-04-10l0o181.07 HAQp03808r2018-04-10w2018-04-10yBK c20885d20885